Pracoviská môžu fungovať inak. Dôležitú úlohu zohrávajú energie

Moderné kancelárske priestory definuje postupné ustupovanie od veľkých otvorených priestorov, väčší dôraz na kvalitu materiálov, nové prístupy k vykurovaniu a chladeniu, získavanie energií z obnoviteľných zdrojov. K novinkám patria: Chladiace trámy, vetranie pomocou monitoringu CO2, tepelné čerpadlá...

Ausführliche Beschreibung

Gespeichert in:
Bibliographische Detailangaben
Format: Buchkapitel
Sprache:Slowakisch
Schlagworte:
Tags: Tag hinzufügen
Keine Tags, Fügen Sie das erste Tag hinzu!

MARC

LEADER 00000naa a2200000 4500
001 0261542
005 20200122154015.9
041 0 |a slo 
044 |a SK 
245 1 0 |a Pracoviská môžu fungovať inak. Dôležitú úlohu zohrávajú energie 
520 |a Moderné kancelárske priestory definuje postupné ustupovanie od veľkých otvorených priestorov, väčší dôraz na kvalitu materiálov, nové prístupy k vykurovaniu a chladeniu, získavanie energií z obnoviteľných zdrojov. K novinkám patria: Chladiace trámy, vetranie pomocou monitoringu CO2, tepelné čerpadlá, vegetačné strechy, zdieľanie kancelárie s cudzou firmou (office sharing). Každé podnikanie vyžaduje priestory, v ktorých sa bude dobre pracovať. 
610 2 0 |a pracovisko 
610 2 0 |a kancelárie 
610 2 0 |a inovácia 
610 2 0 |a modernizácia